Proces budovania imidža vo vybranom podniku bakalárska práca

Salvato in:
Dettagli Bibliografici
Autore principale: Jankaj, Dávid
Ente Autore: Podnikovohospodárska fakulta EU so sídlom v Košiciach. Katedra obchodného podnikania
Altri autori: Dzuričková, Jana
Natura: Libro
Lingua:slovacco
Pubblicazione: Košice 2015
Tags: Aggiungi Tag
Nessun Tag, puoi essere il primo ad aggiungerne!!

MARC

LEADER 00000nbm a2200000 4500
001 0202292
005 20161212094529.6
041 0 |a slo 
044 |a SK 
245 1 0 |a Proces budovania imidža vo vybranom podniku  |b bakalárska práca  |c Dávid Jankaj ; školiteľ: Jana Dzuričková 
264 1 |a Košice  |c 2015 
300 |a 52 s. 
100 1 |a Jankaj, Dávid 
700 1 |a Dzuričková, Jana 
710 2 |a Podnikovohospodárska fakulta EU so sídlom v Košiciach. Katedra obchodného podnikania